Supply and demand for low energy housing in the UK (Record no. 76011)
[ view plain ]
| 000 -LEADER | |
|---|---|
| fixed length control field | 01428cab a2200181 4500 |
| 001 - CONTROL NUMBER | |
| control field | ##L131271 |
| 008 - FIXED-LENGTH DATA ELEMENTS--GENERAL INFORMATION | |
| fixed length control field | 051017n2005 000 0 eng u |
| 035 ## - SYSTEM CONTROL NUMBER | |
| System control number | (Sirsi) u131271 |
| 041 0# - LANGUAGE CODE | |
| Language code of text/sound track or separate title | eng |
| 100 1# - MAIN ENTRY--PERSONAL NAME | |
| Personal name | Lovell, Heather |
| 245 00 - TITLE STATEMENT | |
| Title | Supply and demand for low energy housing in the UK |
| Remainder of title | insights from a science and technology studies approach |
| 260 3# - PUBLICATION, DISTRIBUTION, ETC. | |
| Date of publication, distribution, etc. | 2005 |
| 490 #0 - SERIES STATEMENT | |
| Series statement | Housing Studies |
| Volume/sequential designation | 20(5) September 2005, 815-829(16) |
| 520 ## - SUMMARY, ETC. | |
| Summary, etc. | Evidence is emerging in the UK housing market of consumer demand for low energy housing but little has been built to date by private sector house builders and existing low energy housing is largely within the social housing and self-build sectors. Introduces ideas from science and technology studies (STS) to help understand why the housing market is slow to respond to changing consumer preferences. Examines STS concepts and provides a theoretical approach to consumer demand for low energy housing and producers' decision-making about low energy housing. Concludes that greater attention to socio-technical issues highlights some of the reasons why innovation and change are difficult to effect. Table covers low energy housing in the East Midlands and a figure displays initiators of UK low energy housing developments by housing sector. References. |
| 590 ## - LOCAL NOTE (RLIN) | |
| Local note | IKA251005 |
| 690 ## - LOCAL SUBJECT ADDED ENTRY--TOPICAL TERM (OCLC, RLIN) | |
| Topical term or geographic name as entry element | ENVIRONMENTAL AND LAND CONSULTANCY-ENERGY-ENERGY USE-ENERGY EFFICIENCY |
| 942 ## - ADDED ENTRY ELEMENTS (KOHA) | |
| Suppress in OPAC | 0 |
| Withdrawn status | Lost status | Source of classification or shelving scheme | Damaged status | Not for loan | Home library | Current library | Shelving location | Date acquired | Total Checkouts | Full call number | Barcode | Date last seen | Copy number | Price effective from | Koha item type |
|---|---|---|---|---|---|---|---|---|---|---|---|---|---|---|---|
| Dewey Decimal Classification | London | London | Journal article | 17/10/2005 | L131271 | 131271-1001 | 06/08/2019 | 1 | 06/08/2019 | Journal article |